000 00748nam a22002657a 4500
001 9812
003 FISKH
005 20260226150106.0
008 260226b cb ||||| |||| 00| 0 eng d
020 _a9780516258478
040 _aFISKH
_beng
_cFISKH
_dFISKH
050 _aQC225.5 .T78
082 _a534.078
100 _aTrumbauer, Lisa
_eAuthor
245 _aAll about sound /
_cBy Lisa Trumbauer
260 _aNew York :
_bChildren's Press ,
_c2004
300 _a31 pages :
_bcolor illustrations ;
_c18 cm
505 _aG
520 _aAn introduction to the sources and characteristics of sound.
521 8 _a400
_bLexile
521 8 _aG
_bRaz-Plus
650 _aPhysical Science
_vSound
942 _2ddc
_cBK
_n0
999 _c9812
_d9812